Espais i equipaments públics i serveis socials per a la immigració
Descripción Física:
39 p. ; 30 cm
MARC
| LEADER | 00000nam a2200000Ia 4500 | ||
|---|---|---|---|
| 001 | 21303 | ||
| 003 | BGR | ||
| 005 | 20260324175759.0 | ||
| 008 | 160829s2005 xx 000 0 cat d | ||
| 080 | |a FU-36-36 | ||
| 245 | |a Espais i equipaments públics i serveis socials per a la immigració | ||
| 260 | |a Barcelona : |b Diputació de Barcelona. [Àrea de Benestar Social], |c 2005 | ||
| 300 | |a 39 p. ; |c 30 cm | ||
| 590 | |a A la coberta: Fòrum de regidores i regidors de benestar social. | ||
| 590 | |a Sense enquadernar (grapat) | ||
| 650 | 0 | |a Immigrants |x Serveis socials |9 18433 | |
| 650 | |a Espais públics |9 41009 | ||
| 650 | |a Equipaments col·lectius |9 41010 | ||
| 710 | 1 | |a Barcelona (Catalunya : Província). |b Àrea de Benestar Social |9 52988 | |
| 711 | |a Fòrum de Regidores i Regidors de Benestar Social |9 70931 | ||
| 901 | |a Arxiu | ||
| 942 | |n 1 |2 udc |c MON | ||
| 952 | |0 0 |1 0 |4 0 |6 FU3636 |7 1 |9 49992 |a Arxiu |b Arxiu |d 2016-12-01 |l 0 |o FU-36-36 |p 21303 |r 2016-12-01 00:00:00 |w 2016-12-01 |y ARXIU | ||
| 999 | |c 53834 |d 53834 | ||